Online Catalogue and eLibrary

Breaking the Barriers : (Record no. 606)

MARC details
000 -LEADER
fixed length control field 00392nam a22001457a 4500
005 - DATE AND TIME OF LATEST TRANSACTION
control field 20240325013806.0
008 - FIXED-LENGTH DATA ELEMENTS--GENERAL INFORMATION
fixed length control field 240325b |||||||| |||| 00| 0 eng d
082 ## - DDC Classification
DDC Edition Number 22
Class No. 324.9.
Item Number - Author Mark BRE.
245 ## - TITLE STATEMENT
Title Breaking the Barriers :
Remainder of title Claiming women's space in politics in south Asia /
260 ## - PUBLICATION, DISTRIBUTION, ETC.
Place of publication, distribution, etc. Kathmandu :
Name of publisher, distributor, etc. Saape /
Date of publication, distribution, etc. 2009.
300 ## - PHYSICAL DESCRIPTION
Extent (e.g. Volumes, Pages etc.) 79 p.,
650 ## - SUBJECT ADDED ENTRY--TOPICAL TERM
Topical term or geographic name entry element Women
650 ## - SUBJECT ADDED ENTRY--TOPICAL TERM
Topical term or geographic name entry element Political
942 ## - Koha item type (Biblio)
Koha item type Books in Stacks (Lending)
Holdings
Lost status Damaged status Collection code Home library Current library Date acquired Full call number Accession Number Item type
    Lending WERC Library WERC Library 03/25/2024 324.9. BRE. 6641 Books in Stacks (Lending)

© WERC Library